| 000 | 00448nam a2200109Ia 4500 | ||
|---|---|---|---|
| 008 | 160909s9999 xx 000 0 und d | ||
| 100 | _aWollie, John Tamba | ||
| 245 | _aPhenomenological Study on the Educational Component of the Formal Disarmament, Demobilization, and Reintegration of Ex-Militants in Liberia | ||
| 260 |
_bWalden University. _c2016 |
||
| 650 | _aENTREPRENEURSHIP | ||
| 856 | _uhttp://pqdtopen.proquest.com/doc/1800289071.html?FMT=ABS | ||
| 999 |
_c304472 _d304472 |
||